| 000 | 00511cam a2200205 4500 | ||
|---|---|---|---|
| 001 | D3821 | ||
| 008 | 090401t1981 xxu||||| |||| 00| 0 eng d | ||
| 035 | _a(Sirsi) u75153 | ||
| 041 | _aeng | ||
| 050 | _a692.803 | ||
| 100 | _aFletcher, Leonard | ||
| 245 | _aConstruction contract dictionary | ||
| 260 |
_aLondon _bE and F N Spon for the College of Estate _c1981 |
||
| 300 | _a121p. 22cm | ||
| 350 | _a10 | ||
| 700 | _aLee, Reginald | ||
| 700 | _aTackaberry, John A | ||
| 942 | _n0 | ||
| 948 | _c04/03/1997 | ||
| 999 |
_c95966 _d95966 |
||